AUTOMOTIVE SERVICE AND TROUBLESHOOTING WORKBOOK (Record no. 568829)
[ view plain ]
| 000 -LEADER | |
|---|---|
| fixed length control field | 00314nam a22001217a 4500 |
| 082 ## - DEWEY DECIMAL CLASSIFICATION NUMBER | |
| Classification number | 629.287 CRO'A |
| 100 ## - MAIN ENTRY--PERSONAL NAME | |
| Personal name | CROUSE, WILLAIM H |
| 9 (RLIN) | 58689 |
| 245 ## - TITLE STATEMENT | |
| Title | AUTOMOTIVE SERVICE AND TROUBLESHOOTING WORKBOOK |
| 260 ## - PUBLICATION, DISTRIBUTION, ETC. | |
| Place of publication, distribution, etc. | NEWYORK |
| Name of publisher, distributor, etc. | MCGRAW HILL |
| Date of publication, distribution, etc. | 1951 |
| 300 ## - PHYSICAL DESCRIPTION | |
| Extent | V, 136P |
| 650 ## - SUBJECT ADDED ENTRY--TOPICAL TERM | |
| Topical term or geographic name entry element | ACC NO-2949 |
| 9 (RLIN) | 58690 |
| 942 ## - ADDED ENTRY ELEMENTS (KOHA) | |
| Koha item type | Book |
| Withdrawn status | Lost status | Damaged status | Not for loan | Permanent Location | Current Location | Shelving location | Date acquired | Total Checkouts | Full call number | Barcode | Date last seen | Price effective from | Koha item type |
|---|---|---|---|---|---|---|---|---|---|---|---|---|---|
| College of Electrical & Mechanical Engineering (CEME) | College of Electrical & Mechanical Engineering (CEME) | General Stacks | 07/17/2017 | 629.287 CRO'A | CEME-2949 | 06/28/2021 | 06/28/2021 | Book |
